000 00291nam a22001337a 4500
008 171016b xxu||||| |||| 00| 0 eng d
020 _a9790538430851
041 _aeng
080 _a33
100 _a52
101 _aMAK
245 _aECONOMICS IN OUR TIMES
_cBROWN, R.W
942 _2udc
_cBK
999 _c34108
_d34108